000
00269nam a22001217a 4500
082
_a
910 STA'W
100
_a
STAMP. L. DUDLEY
_9
46447
245
_a
THE WORLD A GENERAL GEOGRAPHY
250
_a
10TH
260
_a
LONDON
_b
LONGMANS
_c
1939
300
_a
682P
942
_c
BK
999
_c
567884
_d
567884